00410nam a2200121Ia 45000010005000000080041000050820028000461000051000742450104001252600018002299010026002479990015002734130241024s9999 xx 000 0 und d aRD/796//R426r/1946-2014 aRepública Dominicana. Ministerio de Deportes 0aRepública Dominicana en juegos Centroamericanos y del Caribe (1946-2014) / Ministerio de Deportes bJ. Cruzc1946 a8/8/2016 2:46:11 p.m. c7923d7923